Normal view
MARC view
Entry Personal Name
001 - CONTROL NUMBER
- control field: 13372
003 - CONTROL NUMBER IDENTIFIER
- control field: ARRUPE
005 - DATE AND TIME OF LATEST TRANSACTION
- control field: 20141211123928.0
008 - FIXED-LENGTH DATA ELEMENTS
- fixed length control field: 141211|| aca||aabn | a|a d
040 ## - CATALOGING SOURCE
- Original cataloging agency: ARRUPE
- Transcribing agency: ARRUPE
100 ## - HEADING--PERSONAL NAME
- Personal name: Ballinger, William George,
- Dates associated with a name: 1893-
- Relator term: joint author.
670 ## - SOURCE DATA FOUND
- Source citation: Work cat.: (ARRUPE)0: Hodgson, Margaret Livingstone. 13370, Indirect rule in southern Africa., 1931-